| 000 | 01078 a2200193 4500 | ||
|---|---|---|---|
| 001 | 29279 | ||
| 005 | 20260407155602.0 | ||
| 008 | 260407a1976 arg spa d | ||
| 003 | AR-UNSa-BCEJYS | ||
| 040 |
_aAR-UNSa-BCEJYS _bspa _cAR-UNSa-BCEJYS |
||
| 080 |
_a657.3 _xPresupuestos. Cierre de Cuentas. Balances (Estados Contables) |
||
| 245 | 1 | 0 | _aInterpretación de estados contables |
| 264 | 1 |
_aBuenos Aires : _bEl Coloquio _c1976 |
|
| 300 |
_a378 p. _c22 cm. |
||
| 505 | _a1. Estados contables, interpretación – 2. Estado de resultados – 3. Estado de situación patrimonial – 4. Medición e interpretación – 5. Comparación de estados de situación patrimonial – 6. Capital operativo o capital corriente – 7. Estado de situación sobre la base de datos históricos – 8. Estado de variaciones del resultado neto – 9. Relaciones estructurales y análisis vertical – 10. Retorno sobre la inversión – 11. Análisis de la situación financiera a largo plazo. | ||
| 942 | _cBK | ||
| 590 | _aniveau_biblio:m niveau_hierar:0 | ||
| 100 | 1 | _aArreghini, Hugo Ricardo | |
| 999 |
_c1830 _d1830 |
||